000 00499nam a22001817a 4500
999 _c15178
_d15178
003 PK-NaQUE
005 20250530143718.0
008 250530b ||||| |||| 00| 0 eng d
040 _cQUEST
082 _a516HOR
100 _aHorne, Sylvia
245 _aLearning About Measurement
260 _aCalifornia
_bFrankin Publication,Inc
_c1970
300 _a104p. ;
650 _aMathematical Measurement
856 _uhttp://10.10.170.122:8080/browse/book/27482
_yDownload eBook
942 _cBK
_2ddc